| 000 | 00697nam a22001577a 4500 | ||
|---|---|---|---|
| 003 | OSt | ||
| 005 | 20160321091616.0 | ||
| 008 | 160321b xxu||||| |||| 00| 0 eng d | ||
| 040 | _cRUA | ||
| 082 | _aLMA THO 2007 B473 Or.1 | ||
| 100 |
_98071 _aTHORN VINA; |
||
| 245 | _aStudy on land conflict solving mechanism in adjudication in steng sen district, kampong thom province; សិក្សាអំពីដំណោះស្រាយវិវាទដីធ្លីក្នុងតំបន់វិនិច្ឆ័យនៅស្រុកស្ទឹងសែន ខេត្តកំពង់ធំ | ||
| 260 |
_aPhnom Penh _bRUA _c2007 |
||
| 300 |
_ax;46p. _bill. _c29cm. |
||
| 942 |
_2ddc _cLMA |
||
| 999 |
_c7672 _d7672 |
||